[Event "Madrid 2023-2024ch - Semifinal"]
[Site "Madrid ESP"]
[Date "2024.05.12"]
[Round "7.16"]
[White "Mansor Habash, Zouheir"]
[Black "Calderon Rojo, Borja"]
[Result "0-1"]
[WhiteElo "1818"]
[BlackElo "1876"]
[PlyCount "134"]
[EventDate "2024.05.06"]
[EventRounds "7"]
[SourceTitle "AjedrezenMadrid"]
[Source "lmi"]
[SourceDate "2024.05.06"]
[SourceVersion "1"]
[SourceVersionDate "2024.05.12"]
[SourceQuality "1"]

1. e4 e5 2. Nf3 Nc6 3. Bc4 Be7 4. Nc3 Nf6 5. d3 d6 6. h3 h6 7. Be3 Na5 8. Bb3
Nxb3 9. axb3 c5 10. Qd2 Be6 11. g4 Nh7 12. Ke2 Ng5 13. Rag1 Nxf3 14. Kxf3 d5
15. exd5 Bxd5+ 16. Nxd5 Qxd5+ 17. Ke2 Rd8 18. g5 hxg5 19. Bxg5 e4 20. Bxe7
exd3+ 21. cxd3 Kxe7 22. Qg5+ Qxg5 23. Rxg5 b6 24. Rxg7 Rd4 25. Ra1 Kf6 26. Rg3
a5 27. Rf3+ Ke6 28. Re1 Kd6 29. Kd2 Kc6 30. Rf6+ Kb5 31. Re7 Rxh3 32. Rb7
Rhxd3+ 33. Kc2 Rd2+ 34. Kb1 Rd1+ 35. Ka2 Rd6 36. Rfxf7 Rf1 37. Rbd7 Rxd7 38.
Rxd7 Rxf2 39. Rh7 Rf4 40. Rh6 a4 41. bxa4+ Rxa4+ 42. Kb3 Rg4 43. Rh3 Rf4 44.
Re3 Ka5 45. Ka3 b5 46. Re8 Rf3+ 47. Ka2 Kb4 48. Rc8 c4 49. Rh8 Rf6 50. Rh4 Ra6+
51. Kb1 Rd6 52. Kc2 Rf6 53. Rh2 Rf3 54. Rg2 Ka4 55. Rg8 Rf2+ 56. Kb1 b4 57. Rg1
c3 58. bxc3 bxc3 59. Rg8 Kb3 60. Rb8+ Kc4 61. Rc8+ Kd3 62. Rd8+ Ke3 63. Re8+
Kd2 64. Rd8+ Ke1 65. Re8+ Kd1 66. Rd8+ Rd2 67. Rxd2+ Kxd2 0-1

[Event "Madrid 2023-2024ch - Semifinal"]
[Site "Madrid ESP"]
[Date "2024.05.12"]
[Round "7.17"]
[White "Urosa Sanchez, Pablo"]
[Black "Moya Barba, Diego"]
[Result "1/2-1/2"]
[WhiteElo "1827"]
[BlackElo "1881"]
[PlyCount "116"]
[EventDate "2024.05.06"]
[EventRounds "7"]
[SourceTitle "AjedrezenMadrid"]
[Source "lmi"]
[SourceDate "2024.05.06"]
[SourceVersion "1"]
[SourceVersionDate "2024.05.12"]
[SourceQuality "1"]

1. e4 c5 2. c3 Nf6 3. e5 Nd5 4. Nf3 d6 5. Bb5+ Bd7 6. Bc4 e6 7. d4 Nb6 8. Bd3
dxe5 9. Nxe5 Nc6 10. Nxd7 Qxd7 11. dxc5 Bxc5 12. O-O O-O-O 13. Be2 Qxd1 14.
Bxd1 Ne5 15. Nd2 Nd3 16. Ne4 Be7 17. Be2 Nxc1 18. Raxc1 f5 19. Ng3 Rd2 20. Rfd1
Rhd8 21. Bf3 Bc5 22. Rxd2 Rxd2 23. Ne2 e5 24. b4 Be7 25. Ng3 g6 26. Bd1 Nc4 27.
a4 Rb2 28. Kf1 Bg5 29. Rc2 Rxc2 30. Bxc2 Bd2 31. Bb3 Nd6 32. Bg8 h6 33. Bh7 f4
34. Ne2 g5 35. f3 b5 36. a5 Kc7 37. Bg8 Kc6 38. g3 Nc4 39. gxf4 gxf4 40. Bxc4
bxc4 41. Kg2 Kb5 42. Kh3 Ka4 43. Kg4 Kb3 44. Kf5 Be3 45. Kxe5 a6 46. Kd5 Bf2
47. Kc6 Be1 48. Kb7 Bxc3 49. Nxc3 Kxc3 50. b5 axb5 51. a6 b4 52. a7 Kb2 53.
a8=Q c3 54. Qa4 b3 55. Qd4 Kc2 56. Qa4 Kb2 57. Qd4 Kc2 58. Qa4 Kb2 1/2-1/2

[Event "Madrid 2023-2024ch - Semifinal"]
[Site "Madrid ESP"]
[Date "2024.05.12"]
[Round "7.18"]
[White "Bocancea, Cristian Andrei"]
[Black "Quiroga Andres, Carlos"]
[Result "1/2-1/2"]
[WhiteElo "1858"]
[BlackElo "1654"]
[PlyCount "36"]
[EventDate "2024.05.06"]
[EventRounds "7"]
[SourceTitle "AjedrezenMadrid"]
[Source "lmi"]
[SourceDate "2024.05.06"]
[SourceVersion "1"]
[SourceVersionDate "2024.05.12"]
[SourceQuality "1"]

1. d4 e6 2. c4 f5 3. g3 d5 4. Bg2 c6 5. Nc3 Nf6 6. Nh3 Bd6 7. O-O O-O 8. f3
Nbd7 9. Bf4 Qe7 10. Bg5 h6 11. Bf4 dxc4 12. e4 fxe4 13. Bxd6 Qxd6 14. fxe4 e5
15. d5 Qc5+ 16. Kh1 Rd8 17. Qe2 Nb6 18. Nf2 Re8 1/2-1/2